书目信息 |
| 题名: |
产品成本计算方法实训教程
|
|
| 作者: | 常小勇 主编 | |
| 分册: | ||
| 出版信息: | 北京 科学出版社 2012 |
|
| 页数: | 285页 | |
| 开本: | 26cm | |
| 丛书名: | ||
| 单 册: | ||
| 中图分类: | F275.3 | |
| 科图分类: | ||
| 主题词: | 产品成本--成本计算方法--高等学校--教材 , 产品成本 , 成本计算方法 | |
| 电子资源: | ||
| ISBN: | 978-7-03-035860-8 | |
| 000 | 00899nam0 2200265 450 | |
| 001 | 5 | |
| 005 | 20140909092603.39 | |
| 010 | @a978-7-03-035860-8@dCNY32.00 | |
| 100 | @a20130619d2012 em y0chiy50 ea | |
| 101 | 0 | @achi |
| 102 | @aCN@b110000 | |
| 105 | @ak z 000yy | |
| 106 | @ar | |
| 200 | 1 | @a产品成本计算方法实训教程@f常小勇主编 |
| 210 | @a北京@c科学出版社@d2012 | |
| 215 | @a285页@d26cm | |
| 300 | @a普通高等教育“十二五”规划教材 高等院校会计类教材系列 | |
| 330 | @a本书共分三部分,第一部分对实训目的、基本步骤、实训程序和实训要求进行综述;第二部分以各类企业为典型,安排了品种法、分批法、分步法、分类法和作业成本法的实训内容;第三部分为实训参考答案。 | |
| 606 | 0 | @a产品成本@x成本计算方法@x高等学校@j教材 |
| 606 | 0 | @a产品成本 |
| 606 | 0 | @a成本计算方法 |
| 690 | @aF275.3@v5 | |
| 701 | 0 | @a常小勇@4主编 |
| 801 | 0 | @aCN@bTANGWEI@c20140603 |
| 905 | @b0843208-10@dF275.3@e1105@f3 | |
| 产品成本计算方法实训教程/常小勇主编.-北京:科学出版社,2012 |
| 285页;26cm |
| 普通高等教育“十二五”规划教材 高等院校会计类教材系列 |
| ISBN 978-7-03-035860-8:CNY32.00 |
| 本书共分三部分,第一部分对实训目的、基本步骤、实训程序和实训要求进行综述;第二部分以各类企业为典型,安排了品种法、分批法、分步法、分类法和作业成本法的实训内容;第三部分为实训参考答案。 |
| ● |
| 相关链接 |
|
|
|
|
正题名:产品成本计算方法实训教程
索取号:F275.3/1105
 
预约/预借
| 序号 | 登录号 | 条形码 | 馆藏地/架位号 | 状态 | 备注 |
| 1 | 0843208 | 208432089 | 第一样本阅览室/ [索取号:F275.3/1105] | 在馆 | |
| 2 | 0843209 | 208432098 | 第一借阅区/ [索取号:F275.3/1105] | 在馆 | |
| 3 | 0843210 | 208432105 | 密集书库-海洋学院/ [索取号:F275.3/1105] | 在馆 |